|
|
|
|
| LEADER |
00000nab a2200000 a 4500 |
| 001 |
vtls009295229 |
| 003 |
SK-MaSNL |
| 005 |
20260304160327.0 |
| 008 |
250507c2008 xo |||||||||||000 b|slo |
| 015 |
|
|
|a SNBRB2008/05
|2 snkbucl
|
| 035 |
|
|
|a urn:nbn:sk:snk-ab7usq
|
| 035 |
|
|
|a (urnnbn)urn:nbn:sk:snk:ar-0041dn
|
| 035 |
|
|
|a (uuid)a6058efc-8327-48e2-8d41-1c0e15ff04b0
|
| 038 |
|
|
|a SNKBUCL
|
| 040 |
|
|
|a SNKBUCL
|b slo
|c SNKBUCL
|e AACR2
|
| 041 |
0 |
|
|a slo
|
| 044 |
|
|
|a xo
|c SK
|
| 080 |
|
|
|a 356.35
|x (437.6)
|2 2001
|
| 080 |
|
|
|a 344.31
|2 2001
|
| 080 |
|
|
|a 344.13
|2 2001
|
| 080 |
|
|
|a 355.11:344.1
|2 2001
|
| 080 |
|
|
|a 343.3/.7
|2 2001
|
| 100 |
1 |
|
|a Žiak, Jozef
|4 aut
|4 ivr
|9 11588
|
| 245 |
1 |
0 |
|a Slabé právne povedomie profesionálov
|c Jozef Žiak, František Kováč
|
| 300 |
|
|
|b Obr.
|
| 610 |
2 |
7 |
|a Slovensko.
|b Ozbrojené sily
|2 snkbucl
|9 88133
|
| 650 |
0 |
7 |
|a trestná činnosť
|2 snkbucl
|9 55590
|
| 650 |
0 |
7 |
|a vojenské súdy
|2 snkbucl
|9 109094
|
| 650 |
0 |
7 |
|a vojenské trestné činy
|2 snkbucl
|9 50022
|
| 700 |
1 |
|
|a Kováč, František,
|c JUDr.
|4 aut
|9 1454609
|
| 773 |
0 |
|
|t Obrana
|g Roč. 16, č. 4 (2008), s. 12-13
|x 1336-2910
|
| 850 |
|
|
|a Slovenská národná knižnica
|
| 852 |
|
|
|a Slovenská národná knižnica
|
| 954 |
|
|
|a odborná, vedecká literatúra pôvodná (slovenská)
|2 lita
|
| 958 |
|
|
|a article9
|
| 958 |
|
|
|a OND
|
| 958 |
|
|
|a SK
|
| 958 |
|
|
|a EUIPO
|
| 999 |
|
|
|c 2966613
|d 2968543
|